| 000 | 01292nam a2200289 4500 | ||
|---|---|---|---|
| 003 | EC-UNACH | ||
| 006 | s||||gr|||| 00| 00 | ||
| 008 | 150116t9999 mx r gr 000 0 spa d | ||
| 020 | _a978-9978-92-998-8 | ||
| 040 |
_aEC-UNACH _cEC-UNACH |
||
| 041 | _aspa | ||
| 082 | 0 | 4 |
_223 _a345 _bL017872 |
| 110 | _aVyM Graficas | ||
| 245 | _aTeoría utópica de las fuentes del derecho ecuatoriano | ||
| 250 | _aSegunda edición | ||
| 264 |
_aEcuador _bVyM Graficas _c2012 |
||
| 300 | _a229 | ||
| 505 | _aCapitulo 1- Las fuentes del derecho en los diferentes modelos constitucionales Capitulo 2- La teoría constitucional latinoamericana Capitulo 3- La constitución como fuente directa del derecho Capitulo 4- La ley como fuente del derecho Capitulo 5- La jurisprudencia constitucional como fuente del derecho Capitulo 6- El nuevo rol del derecho internacional en el sistema de fuentes Capitulo 7- Los mecanismos de participación ciudadana como fuentes del derecho : las razones de una decepción | ||
| 650 | _aFuentes del derecho | ||
| 650 | _aSociología jurídica critica | ||
| 650 | _aCatalogo de derechos | ||
| 700 | _aJuan Montaña Pinto | ||
| 942 |
_2ddc _c1 |
||
| 999 | _c14079 | ||